More days at the Morisaki bookshop/ (Record no. 181441)

000 -LEADER
fixed length control field 00435nam a2200169 4500
020 ## - INTERNATIONAL STANDARD BOOK NUMBER
ISBN 9781786584328
082 ## - DEWEY DECIMAL CLASSIFICATION NUMBER
Classification number 823(FTr.)
Item number SAT/M
100 ## - MAIN ENTRY--AUTHOR NAME
Personal name Satishi Yagisawa
245 ## - TITLE STATEMENT
Title More days at the Morisaki bookshop/
Statement of responsibility, etc by Satishi Yagisawa
260 ## - PUBLICATION, DISTRIBUTION, ETC. (IMPRINT)
Place of publication UK:
Name of publisher Manilla press,
Year of publication 2024.
300 ## - PHYSICAL DESCRIPTION
Number of Pages 167p.
650 ## - SUBJECT ADDED ENTRY--TOPICAL TERM
Topical Term Novel English
650 ## - SUBJECT ADDED ENTRY--TOPICAL TERM
Topical Term Literature English
650 ## - SUBJECT ADDED ENTRY--TOPICAL TERM
Topical Term Literature
700 ## - ADDED ENTRY--PERSONAL NAME
Personal name Eric Ozawa (tr.)
942 ## - ADDED ENTRY ELEMENTS (KOHA)
Koha item type Book
Holdings
Withdrawn status Lost status Damaged status Not for loan Permanent Location Current Location Shelving location Date acquired Cost, normal purchase price Full call number Accession Number Price effective from Koha item type
        Sree Sankaracharya University of Sanskrit Sree Sankaracharya University of Sanskrit Stacks 11.05.2026 399.00 823(FTr.) SAT/M 107923 11.05.2026 Book